000 00500 a2200169 4500
005 20250617171828.0
020 _a978-1-2854-4836-7
082 _a005.8 WHI
100 _aWHITMAN, M E.
245 _aPrinciples of information Security.
250 _a5th Ed.
260 _aAustralia,
_bCengage Learning,
_c2016.
300 _axxviii, 692p.: ill.; figure,table
_bGlossary & Index
_c23cm
700 _aMATTORD, H. J.
856 _yAccess online book
_fComputer
_dwww.cengage.com/global.
942 _2ddc
_cBKS
999 _c175
_d175